Bramkarze reprezentacji Włoch w XXI wieku - Statystyki

Ogólne statystyki
  • Ten quiz został rozwiązany 233 razy
    36 od ostatniego zresetowania
  • Średni wynik to 5 z 17
Statystyki odpowiedzi
Lata gry # Nazwisko % Poprawnych
1997-2018 176 Gianluigi Buffon
100%
2016- 72 Gianluigi Donnarumma
94%
2019- 3 Alex Meret
53%
1995-2004 28 Francesco Toldo
50%
2014-2018 2 Mattia Perin
41%
2010-2021 28 Salvatore Sirigu
38%
2003-2005 4 Christian Abbiati
34%
1995-2005 31 Angelo Peruzzi
31%
2024- 4 Guglielmo Vicario
22%
2009-2013 11 Federico Marchetti
13%
2005-2009 9 Marco Amelia
13%
2019 1 Pierluigi Gollini
13%
2005-2012 6 Morgan De Sanctis
9%
2005 3 Flavio Roma
6%
2010-2011 6 Emiliano Viviano
3%
2020-2021 2 Alessio Cragno
0%
2003-2004 2 Ivan Pelizzoli
0%
Nie znaleziono quizów pasujących do podanych kryteriów
Rozkład punktacji
Procent ludzi z każdym wynikiem
Percentyl według liczby udzielonych odpowiedzi
Twoja historia wyników
Nie rozwiązałeś tego quizu od ostatniego zresetowania